Continue the Sequence - Statistics

General Stats
  • This quiz has been taken 52 times
  • The average score is 6 of 14
Answer Stats
#1 #2 #3 #4 Pattern % Correct
I V X L Roman base numerals
91%
1 1 2 3 Fibonacci Numbers
84%
George Bill George Barack Presidents' first names
75%
Russia Canada United States China Largest countries
64%
Capricorn Equator Cancer Arctic Five major circles
50%
0 1 10 11 Binary numbers
45%
Violin Viola Violoncello Double bass Violin family
45%
Rooster Dog Pig Rat Chinese zodiacs
41%
sum es est sumus Conjugation of "esse" (Latin)
25%
Virgo Libra Scorpio Saggitarius Zodiacs
16%
Domitian Nerva Trajan Hadrian Roman emporers
14%
Baron Viscount Earl Marquess Ranks of nobility
9%
Marshmallow Nougat Oreo Pie Android Versions
5%
Clarendon Gingham Moon Lark Instagram Filters
2%
No matching quizzes found
Score Distribution
Percent of People with Each Score
Percentile by Number Answered
Your Score History
You have not taken this quiz